| Поле | Инд. | ПП | Название | Значение |
|---|---|---|---|---|
| Тип записи | a | |||
| Библиографический уровень | a | |||
| 001 | Контрольный номер | 689fd361d84740f4b88c838dc2cb5375 | ||
| 005 | Дата корректировки | 20221206132344.1 | ||
| 041 | 0_ | a | Код языка текста | rus |
| 080 | a | Индекс УДК | 004.418 | |
| 097 | b | Оператор | *Т* | |
| 100 | 1_ | a | Автор | Жугинисова Ю.С. |
| 245 | 10 | a | Заглавие | Трудности внедрения электронного документооборота в строительстве |
| b | Продолж. заглавия | статья | ||
| p | Название части/ раздела | - Текст : электронный | ||
| 260 | a | Место издания | Тверь | |
| b | Издательство | ТвГТУ | ||
| 520 | 0_ | a | Аннотация | в статье описываются преимущества использования электронного документооборота в строительстве. Рассматриваются основные проблемы внедрения и развития, а также предлагаются возможные пути их решения. |
| 653 | 0_ | a | Ключевые слова | системы электронного документооборота, строительство, автоматизированные системы, документация |
| 700 | 12 | a | Другие авторы | Бибиков И.Е. |
| 773 | 18 | w | Контрольный № источника | ee5ee90ba01244638c9e028a88440eef |
| t | Название источника | Теоретические исследования и экспериментальные разработки студентов и аспирантов : материалы Всероссийской (национальной) научно-практической конференции, 2022 г., Тверь : в 2 частях / под редакцией Т.Б. Новиченковой | ||
| d | Место и дата издания | Тверь : Тверской государственный технический университет, 2022 | ||
| g | Прочая информация | Ч. 1. - С. 95-98 | ||
| 773 | 18 | z | ISBN | 978-5-7995-1232-3 |
| 901 | t | Тип документа | a | |
| 905 | a | Дата создания записи | 27.10.22 | |
| 950 | a | Редактор записи | вт |